Capital Cities in their native languages - Statistics

General Stats
  • This quiz has been taken 52 times
  • The average score is 18 of 20
Answer Stats
Capital in native language Capital % Correct
Athina Athens
100%
Běijīng Beijing
100%
Chișinău Chișinău
100%
København Copenhagen
100%
Ciudad de Guatemala Guatemala City
100%
Hà Nội Hanoi
100%
La Habana Havana
100%
Yerushalayim Jerusalem
100%
Kāṭhamāṇḍaũ Kathmandu
100%
Madiinat ul-Kuwayt Kuwait City
100%
London London
100%
Phnum Pénh Phnom Penh
100%
Praha Prague
100%
Roma Rome
100%
Tallinn Tallinn
100%
Toshkent Tashkent
100%
Tehrān Tehran
100%
Tōkyō Tokyo
100%
Warszawa Warsaw
100%
Washington, D.C. Washington, D.C.
100%
București Bucharest
96%
Ṣan‘ā’ Sana
96%
Táiběi Taipei
96%
Wien Vienna
96%
Addis Abäba Addis Ababa
95%
Aşgabat Ashgabat
95%
Ouagadougou Ouagadougou
95%
Bakı Baku
94%
Muqdisho / Maqadīshū Mogadishu
94%
Yerevan Yerevan
94%
Port-Vila Port Vila
91%
Baile Átha Cliath Dublin
88%
Al-Manāmah Manama
88%
Masqaṭ Muscat
88%
Prishtinë Pristina
88%
Sri Jayawardenapura Kotte Sri Jayawardenapura Kotte
88%
Tegucigalpa Tegucigalpa
88%
Yaoundé Yaounde
86%
Lefkosia / Lefkoşa Nicosia
83%
Thimphu Thimphu
83%
Dimashq / Ash-Sham Damascus
80%
Krung Thep, Krung Thep Maha Nakhon Bangkok
78%
Al-Khartûm Khartoum
76%
Libreville Libreville
75%
Yamoussoukro Yamoussoukro
75%
Nukuʻalofa Nukuʻalofa
69%
Al-Qāhirah Cairo
67%
Ad-Dawḥah Doha
65%
Nwakšūṭ Nouakchott
48%
Tarabulus Tripoli
18%
No matching quizzes found
Score Distribution
Percent of People with Each Score
Percentile by Number Answered
Your Score History
You have not taken this quiz